| 000 | 00415nam a2200169Ia 4500 | ||
|---|---|---|---|
| 005 | 20241120011700.0 | ||
| 008 | 240331s9999 xx 000 0 und d | ||
| 082 |
_bALI _a900 |
||
| 100 | _aAli,M.C | ||
| 245 | 4 | _aThe emergence of Pakistan | |
| 260 |
_aNew York & London _bColumbia University Press _c1967 |
||
| 300 | _aix, 418 p ., | ||
| 650 | _aSocial | ||
| 650 | _aEconomic | ||
| 650 | _aPolitical | ||
| 942 | _cL | ||
| 999 |
_c3402 _d3402 |
||